| 000 | 00636nam a22002057a 4500 | ||
|---|---|---|---|
| 003 | OSt | ||
| 005 | 20260422011249.0 | ||
| 008 | 260422b |||||||| |||| 00| 0 eng d | ||
| 020 | _a0-310-37701-3 | ||
| 040 |
_aDWCL-Main lib _cOC |
||
| 082 |
_2rev. ed. _aCirc. 220.6 H395l 1978 |
||
| 100 | _aHenrichnsen, Walter A. | ||
| 245 |
_aA layman's guide to interpreting the bible/ _cHenrichnsen, Walter A. |
||
| 260 |
_aMichigan : _bZondervan Pub. House, _cc1978 |
||
| 300 |
_a231 pages. ; _c21 cm. |
||
| 504 | _aIncludes appendix | ||
| 650 | _a1. Bible - Henmenuetics | ||
| 650 | _a2. Bible - Study | ||
| 942 |
_2ddc _cBK-CIRC _hCirc. _n0 |
||
| 999 |
_c9638 _d9638 |
||